| 000 | 01144nam0a22002891 4500 | ||
|---|---|---|---|
| 001 | v19\rc\1864310 | ||
| 005 | 20250619160319.0 | ||
| 035 | _a(NLR Aleph) 004956992 | ||
| 090 |
_a5943103 _c5943103 |
||
| 100 | _a20080221e19091909|||y0rusy50 ca | ||
| 101 | 0 | _arus | |
| 102 | _aRU | ||
| 105 | _ay z ||||| | ||
| 200 | 1 |
_aЯвляются ли сновидения формой обратного психического развития? _fВсеволод Фаусек |
|
| 210 |
_aСанкт-Петербург _cтип. П.П. Сойкина _d[1909] |
||
| 215 |
_a38 с. _d24 |
||
| 309 | _aБез тит. л. и обл. | ||
| 311 | _aОтт. из журн. "Вестн. психологии". 1909, вып. 1 | ||
| 316 |
_aЭкз. РНБ (87-7/184): с автогр. авт. _5NLR: 87-7/184 |
||
| 488 | 0 |
_12001#$aВестник психологии$v1909, вып. 1 _tВестник психологии |
|
| 700 | 1 |
_aФаусек _bВ.В. _f-1910 _gВсеволод Викторович |
|
| 801 | 0 |
_aRU _bNLR _gpsbo |
|
| 801 | 0 |
_aRU _bRuMoRGB _2psbo |
|
| 801 | 1 |
_aRU _bProSoft-M _2rusmarc |
|
| 852 |
_aNLR _j87-7/184 |
||
| 942 | _cBOOK | ||
| 980 | _aNB | ||